000 00611nam a2200241 a 4500
001 0001-0801
003 ELIB.Books
008 140826 2010 eng
020 _aKBTS
035 _a(ELIB.Books)0001-0955
092 _aThesis
_bLah
100 _aLah Shee Htoo, Saw
245 _aThe Historical of Kle Bow Churches
260 _aKBTS; Insein
_bKaren Baptist Theological Seminary
_c2014
300 _c29.7 Cm
500 _aB.Th
650 _aThesis
856 _nKBTS; Library
_uKBTS; Elib.
942 _2ddc
_cBK
990 _a1
998 _cbat
_e2014-08-26
999 _c10801
_d10801